Statistiken für Länder mit einem einzigen Hinweis #1

Klicken Sie hier um das Quiz zu spielen!

Allgemein

  • Dieses Quiz wurde 1,804 mal gespielt
  • Das Durchschnittsergebnis liegt bei 10 aus 20

Antwortstatistiken

Hinweis Land % Korrekt
Dieses Land gab den Vereinigte Staaten die FreiheitsstatueFrankreich
94%
An Ägyptens südlicher GrenzeSudan
82%
Hat etwa 1/3 aller Nobelpreise gewonnen, die je vergeben wurdenVereinigte Staaten
79%
Das Meiste seiner Landfläche liegt auf der anatolischen HalbinselTürkei
66%
Dieses Land befindet sich in den PyrenäenAndorra
66%
Costa Rica liegt an der südlichen GrenzeNicaragua
66%
Wo entstand Mariachi MusikMexiko
63%
Kleines Land südlich von RuandaBurundi
58%
Südostasiatisches BinnenlandLaos
57%
Größtes Land, das an den Viktoriasee grenztTansania
53%
Größtes Land in Ozeanien mit einem Fünf-Buchstaben-NamenSamoa
48%
Dalmatien ist eine der vier historischen GebieteKroatien
48%
Wo Erzbischof Desmond Tutu dienteSüdafrika
40%
Früher das persönliche Eigentum von König Leopold II von BelgienDemokratische
Republik Kongo
40%
Der Name dieses Landes bedeutet "Der Erlöser"El Salvador
33%
Hat die meisten Christen eines asiatischen LandesPhilippinen
30%
Land, in dem Kolumbus zuerst landeteBahamas
28%
Hat die meiste Landfläche zwischen den Wendekreisen des Krebses und des SteinbocksBrasilien
23%
Hat mehr Elefanten als jedes andere LandBotswana
17%
Der Name des Landes in seinen eigenem Alphabet ist საქართველოGeorgien
17%

Verteilung der Resultate

Perzentil nach korrekt beantworteten Fragen

Anzahl Personen mit jedem Resultat

Ihre Resultats-Entwicklung

Sie haben dieses Quiz noch nicht gespielt